[Event "AUTO-OPEN-4069"]
[Site "http://www.queenalice.com/game.php?id=1574818"]
[Date "2019.6.18"]
[Round "1"]
[White "z3r0vulc4n"]
[Black "chikalas"]
[Result "1-0"]
[WhiteElo "1763"]
[BlackElo "1308"]

1. e4 e5 2. Nf3 d6 3. d4 exd4 4. Qxd4 c5 5. Qd5 Nf6 6. Qc4 a6 7. Ng5 Qe7 8. Bf4
b5 9. Qd3 c4 10. Qd4 Nc6 11. Qe3 Ng4 12. Qg3 Nd4 13. Na3 h6 14. Nh3 b4 15. c3
bxc3 16. bxc3 Nc6 17. Nxc4 Qxe4+ 18. Be2 f5 19. Bxd6 Be6 20. f3 Qc2 21. fxg4
Bxc4 22. Bxc4 Bxd6 23. Qxd6 Qxc3+ 24. Kf2 Qxc4 25. Rae1+ Kf7 26. Rc1 Qxa2+ 27.
Kg3 Ne7 28. Rhf1 Rad8 29. Qe5 Rd3+ 30. Kh4 g5+ 31. Nxg5+ hxg5+ 32. Kxg5 Rg8+ 33.
Kh4 Ng6+ 34. Kh5 Nxe5 35. Rxf5+ 1-0

[Event "Challenge"]
[Site "http://www.queenalice.com/game.php?id=1574867"]
[Date "2019.6.18"]
[Round "-"]
[White "chikalas"]
[Black "pj"]
[Result "0-1"]
[WhiteElo "1209"]
[BlackElo "1479"]

1. e4 e5 2. a3 h5 3. Bc4 Nh6 4. h3 c6 5. c3 b5 6. Bd3 Qf6 7. Nf3 a5 8. O-O d6 9.
b4 g5 10. Nh2 g4 11. hxg4 hxg4 12. Be2 Rg8 0-1

[Event "Challenge"]
[Site "http://www.queenalice.com/game.php?id=1574868"]
[Date "2019.6.18"]
[Round "-"]
[White "pj"]
[Black "chikalas"]
[Result "1-0"]
[WhiteElo "1484"]
[BlackElo "1204"]

1. e4 e5 2. c4 Bc5 3. Ne2 Nf6 4. f3 O-O 5. a3 c6 6. h4 d6 7. h5 h6 8. g4 b5 9.
b4 Bd4 10. Nxd4 exd4 11. cxb5 cxb5 12. Bxb5 1-0

[Event "AUTO-OPEN-4070"]
[Site "http://www.queenalice.com/game.php?id=1575097"]
[Date "2019.6.21"]
[Round "1"]
[White "forever"]
[Black "chikalas"]
[Result "1-0"]
[WhiteElo "2002"]
[BlackElo "1318"]

1. d4 d5 2. c4 dxc4 3. e4 Nf6 4. e5 Nd5 5. Bxc4 e6 6. a3 Be7 7. Nf3 O-O 8. O-O
Nb6 9. Nc3 Nxc4 10. d5 exd5 11. Qc2 Bg4 12. Nd4 f6 13. f3 Bd7 14. b3 Nxe5 15.
Nxd5 Bc5 16. Qxc5 a6 17. Nxc7 Qc8 18. b4 Bb5 19. Ndxb5 axb5 20. Nxa8 Qxc5+ 21.
bxc5 Na6 22. Nb6 Nxc5 23. Be3 Ncd3 24. Rab1 Re8 25. Rxb5 Ng6 26. Nc4 Ngf4 27.
Bxf4 Nxf4 28. g3 Nh3+ 29. Kg2 Ng5 30. Rxb7 Nf7 31. Rd1 g6 32. Rdd7 Rf8 33. Nd6
Nxd6 34. Rg7+ Kh8 35. Rxh7+ Kg8 36. Rbg7# 1-0

[Event "AUTO-OPEN-4070"]
[Site "http://www.queenalice.com/game.php?id=1575098"]
[Date "2019.6.21"]
[Round "1"]
[White "chikalas"]
[Black "forever"]
[Result "1-0"]
[WhiteElo "1288"]
[BlackElo "2032"]

1. e4 c5 2. h3 Nc6 3. Bc4 Nf6 4. d3 h6 5. Nf3 e6 6. O-O d5 7. exd5 exd5 8. Bb5
Bd7 9. d4 a6 10. Bxc6 Bxc6 11. Re1+ Be7 12. b3 O-O 13. Nbd2 Qb6 14. Rxe7 cxd4
15. Bb2 d3 16. cxd3 Nd7 17. Nh4 Nc5 18. Qg4 Ne6 19. Ndf3 Qd8 20. Ba3 b6 21. Nd4
Nxd4 22. Qxd4 a5 23. Re5 Qf6 24. Bxf8 Kxf8 25. Nf3 Rb8 26. Qg4 Rd8 27. d4 Bb5
28. Rf5 Qd6 29. Ne5 Be8 30. Re1 f6 31. Ng6+ Kg8 32. Ne7+ Kh7 33. Nxd5 Bg6 34.
Rxf6 Qxd5 35. Qxg6+ Kh8 36. Re7 1-0

[Event "AUTO-OPEN-4070"]
[Site "http://www.queenalice.com/game.php?id=1575129"]
[Date "2019.6.21"]
[Round "1"]
[White "chikalas"]
[Black "JailtonMaster"]
[Result "0-1"]
[WhiteElo "1288"]
[BlackElo "2163"]

1. e4 d5 2. e5 Bf5 3. Qf3 e6 4. d4 Bb4+ 5. Kd1 h5 6. Qg3 g6 7. a3 Be7 8. Bd3 Bh4
9. Qe3 Bxd3 10. cxd3 Ne7 11. Nf3 Nf5 12. Qe2 Be7 13. Nbd2 Nc6 14. Nb3 a5 15. Nc5
Ncxd4 0-1

[Event "AUTO-OPEN-4070"]
[Site "http://www.queenalice.com/game.php?id=1575130"]
[Date "2019.6.21"]
[Round "1"]
[White "JailtonMaster"]
[Black "chikalas"]
[Result "1-0"]
[WhiteElo "2162"]
[BlackElo "1290"]

1. e4 e5 2. Nf3 Nc6 3. Bb5 Bd6 4. O-O Nf6 5. Nc3 O-O 6. d3 Bb4 7. Bxc6 bxc6 8.
Bg5 Bxc3 9. bxc3 h6 10. Bh4 d6 11. d4 exd4 12. cxd4 g5 13. Nxg5 hxg5 14. Bxg5
Qe7 15. Qf3 Qxe4 16. Qxf6 Qh7 17. Bh6 Re8 18. Rae1 1-0

[Event "AUTO-OPEN-4071"]
[Site "http://www.queenalice.com/game.php?id=1575448"]
[Date "2019.6.25"]
[Round "1"]
[White "Scharlatan"]
[Black "chikalas"]
[Result "1-0"]
[WhiteElo "2188"]
[BlackElo "1300"]

1. e4 e5 2. f4 exf4 3. Bc4 c6 4. Nc3 Bb4 5. d4 Bxc3+ 6. bxc3 b5 7. Bb3 Qe7 8.
Qe2 Ba6 9. Bxf4 b4 10. c4 Nf6 11. e5 Ng8 12. Nf3 Qe6 13. Nd2 1-0

[Event "AUTO-OPEN-4071"]
[Site "http://www.queenalice.com/game.php?id=1575449"]
[Date "2019.6.25"]
[Round "1"]
[White "chikalas"]
[Black "Scharlatan"]
[Result "0-1"]
[WhiteElo "1302"]
[BlackElo "2187"]

1. d4 d5 2. e3 Bf5 3. a3 e6 4. Nc3 c5 5. dxc5 Bxc5 6. h3 Nc6 7. Bb5 Nf6 8. b4
Bd6 9. Bxc6+ bxc6 10. Nce2 a5 11. bxa5 Qxa5+ 12. c3 Ne4 0-1

[Event "AUTO-OPEN-4071"]
[Site "http://www.queenalice.com/game.php?id=1575472"]
[Date "2019.6.25"]
[Round "1"]
[White "chikalas"]
[Black "Magogue"]
[Result "0-1"]
[WhiteElo "1296"]
[BlackElo "2035"]

1. d4 e6 2. e4 d5 3. e5 c5 4. dxc5 Bxc5 5. a3 Nc6 6. h3 Nxe5 7. b4 Bxf2+ 8. Kxf2
Qf6+ 9. Nf3 Nxf3 10. Qxf3 Qxa1 11. Bb5+ Ke7 12. Nd2 Qf6 13. Qxf6+ Nxf6 14. Nf3
Ne4+ 15. Ke1 Nc3 16. Bd3 Ne4 17. Bxe4 dxe4 18. Nd4 Rd8 19. Ne2 h6 20. Nc3 f5 21.
Bb2 g6 22. Ke2 a5 23. bxa5 Rxa5 24. g4 b6 25. Ke3 Ba6 26. Kf4 Rd2 27. Nd1 Rxc2
28. g5 hxg5+ 29. Kxg5 Rg2+ 30. Kh6 Be2 0-1

[Event "AUTO-OPEN-4071"]
[Site "http://www.queenalice.com/game.php?id=1575473"]
[Date "2019.6.25"]
[Round "1"]
[White "Magogue"]
[Black "chikalas"]
[Result "1-0"]
[WhiteElo "2033"]
[BlackElo "1298"]

1. e4 e5 2. Nf3 d6 3. d4 exd4 4. Nxd4 a6 5. Nc3 Bd7 6. Be2 Nf6 7. O-O h6 8. Re1
Be7 9. a4 c5 10. Nf5 Bxf5 11. exf5 O-O 12. Bf3 Nc6 13. Bxc6 bxc6 14. Qe2 Nd5 15.
Nxd5 cxd5 16. Qxe7 Qxe7 17. Rxe7 Rfd8 18. Bf4 d4 19. Rae1 c4 20. R1e4 d5 21.
Rxd4 Re8 22. Rxe8+ Rxe8 23. Kf1 Re4 24. Rxe4 dxe4 25. Ke2 Kf8 26. Ke3 Ke7 27.
Kxe4 Kf6 28. Be5+ Kg5 29. Bxg7 Kg4 30. Bxh6 Kh5 31. Be3 1-0

[Event "AUTO-OPEN-4071"]
[Site "http://www.queenalice.com/game.php?id=1575474"]
[Date "2019.6.25"]
[Round "1"]
[White "chikalas"]
[Black "Rafale2000"]
[Result "1-0"]
[WhiteElo "1228"]
[BlackElo "2059"]

1. e4 Nf6 2. d3 c5 3. h3 d6 4. Nf3 Nc6 5. Be2 e6 6. O-O Be7 7. a3 O-O 8. c4 Qc7
9. Re1 Nd4 10. Nxd4 cxd4 11. Nd2 e5 12. Nf3 a6 13. Qc2 b5 14. Qb3 bxc4 15. dxc4
Nxe4 16. Bd3 Nc5 17. Qc2 Nxd3 18. Qxd3 Bb7 19. b4 Rfc8 20. Bg5 f6 21. Bd2 Qxc4
22. Qxc4+ Rxc4 23. Nh4 g6 24. Rac1 Rac8 25. Rxc4 1-0

[Event "AUTO-OPEN-4071"]
[Site "http://www.queenalice.com/game.php?id=1575475"]
[Date "2019.6.25"]
[Round "1"]
[White "Rafale2000"]
[Black "chikalas"]
[Result "0-1"]
[WhiteElo "2089"]
[BlackElo "1198"]

1. e4 e5 2. Nf3 d6 3. d4 exd4 4. Nxd4 h6 5. Bc4 a6 6. Qf3 Nf6 7. Nc3 b5 8. Bb3
c5 9. Ndxb5 axb5 10. a3 Bb7 11. Bd5 Bxd5 12. Nxd5 Nxd5 13. exd5 Be7 14. O-O O-O
15. Qg4 Bg5 16. Bf4 Bxf4 17. Qxf4 Qe7 18. Rfe1 Qb7 19. Qxd6 Nd7 20. Re7 Rad8 21.
Rae1 Qc8 22. R1e3 Nf6 23. Qe5 Ng4 24. Qh5 Nxe3 25. fxe3 c4 26. e4 Qc5+ 0-1

[Event "AUTO-OPEN-4072"]
[Site "http://www.queenalice.com/game.php?id=1575766"]
[Date "2019.6.29"]
[Round "1"]
[White "chessplayer123"]
[Black "chikalas"]
[Result "1-0"]
[WhiteElo "1827"]
[BlackElo "1316"]

1. e4 e5 2. Bc4 d6 3. d4 exd4 4. c3 dxc3 5. Nxc3 a6 6. Nf3 b5 7. Bxf7+ Kxf7 8.
Qd5+ Be6 9. Qxa8 c6 10. O-O c5 11. Ng5+ Kf6 12. Nf3 Qc7 13. Ng5 h6 14. Nxe6 Qc6
15. Qxb8 Kxe6 16. Qxf8 Qd7 17. Qf5+ Ke7 18. Nd5+ Kd8 19. Qf8+ Qe8 20. Qxg7 Ne7
21. Nxe7 Rf8 22. Nd5 Qf7 23. Qxf7 Rxf7 24. Bxh6 b4 25. f4 Kd7 26. Rf3 Kc6 27. g4
Kb5 28. g5 Ra7 29. f5 1-0

[Event "AUTO-OPEN-4072"]
[Site "http://www.queenalice.com/game.php?id=1575767"]
[Date "2019.6.29"]
[Round "1"]
[White "chikalas"]
[Black "chessplayer123"]
[Result "1-0"]
[WhiteElo "1258"]
[BlackElo "1858"]

1. e4 e5 2. Nf3 d6 3. h3 Nf6 4. Nc3 Nc6 5. a3 Be7 6. b4 Be6 7. Be2 a6 8. O-O O-O
9. d3 Nd4 10. Nxd4 exd4 11. Na2 c5 12. bxc5 dxc5 13. Rb1 Bxa2 14. Rxb7 Be6 15.
Rb1 a5 16. e5 Nd5 17. Bb2 f5 18. Bf3 Qc7 19. c4 Nf4 20. Bc1 Nxh3+ 21. gxh3 Rad8
22. Rb7 Qxe5 23. Rxe7 Qf6 24. Rb7 f4 25. Rb6 Qg5+ 26. Kh2 Qh6 27. Bh5 f3 28.
Bxh6 1-0

[Event "AUTO-OPEN-4072"]
[Site "http://www.queenalice.com/game.php?id=1575814"]
[Date "2019.6.29"]
[Round "1"]
[White "chikalas"]
[Black "NickThorp"]
[Result "0-1"]
[WhiteElo "1286"]
[BlackElo "1628"]

1. d4 d5 2. Nc3 Nf6 3. Bg5 h6 4. Bxf6 exf6 5. e3 Bb4 6. Ne2 Bg4 7. f3 Bh5 8. Nf4
Bg6 9. Nxd5 Bxc3+ 10. Nxc3 O-O 11. Bc4 Nc6 12. a3 a6 13. O-O Na5 14. Bd3 b5 15.
Bxg6 fxg6 0-1

[Event "AUTO-OPEN-4072"]
[Site "http://www.queenalice.com/game.php?id=1575815"]
[Date "2019.6.29"]
[Round "1"]
[White "NickThorp"]
[Black "chikalas"]
[Result "1-0"]
[WhiteElo "1630"]
[BlackElo "1284"]

1. e4 e5 2. Nf3 d6 3. Bb5+ c6 4. Bc4 h6 5. d3 b5 6. Bb3 Nf6 7. Nc3 Be7 8. h3 O-O
9. Be3 a5 10. O-O Nfd7 11. a3 Bb7 12. a4 b4 13. Ne2 Na6 14. c3 bxc3 15. Nxc3 1-0